| 000 | 00403nam a22001697a 4500 | ||
|---|---|---|---|
| 005 | 20260413175553.0 | ||
| 008 | 260413b |||||||| |||| 00| 0 eng d | ||
| 020 | _a9789697834440 | ||
| 040 | _cPK-LaNCA | ||
| 082 |
_a891.4391 _bSHA |
||
| 100 | _aShadab Zeest Hashmi | ||
| 245 | _aGhazal cosmopolitan | ||
| 260 |
_aFolio Books _bLahore _c2023 |
||
| 300 | _a94p | ||
| 650 | _aUrdu poetry | ||
| 942 | _cBK | ||
| 999 |
_c67216 _d67216 |
||